| 000 | 00732cam a2200265 4500 | ||
|---|---|---|---|
| 001 | 307485 | ||
| 003 | OSt | ||
| 005 | 20180116183026.0 | ||
| 008 | 731011s1974 nyub 000 1 eng | ||
| 010 | _a 73017478 | ||
| 020 | _a0151831807 | ||
| 040 |
_aDLC _cDLC _dDLC |
||
| 050 | 0 | 0 |
_aPZ3.M189 _bSn _aPS3525.A24573 |
| 082 | 0 | 0 | _a813.54 MAC 1974 |
| 100 | 1 |
_aMacInnes, Helen, _d1907-1985. |
|
| 245 | 1 | 4 | _aThe Snare of the Hunter. |
| 250 | _a[1st ed.] | ||
| 260 |
_aNew York, _bHarcourt Brace Jovanovich _c[1974] |
||
| 300 |
_a252 p. _bmap. _c22 cm. |
||
| 350 | _a$7.50 | ||
| 440 | _aThe Snare of the Hunter. | ||
| 655 | 7 |
_aAdventure stories. _2gsafd |
|
| 906 |
_a7 _bcbc _corignew _d1 _eocip _f19 _gy-gencatlg |
||
| 942 |
_2ddc _cBK |
||
| 999 |
_c350793 _d350793 |
||